00638nam a2200193Ia 4500008004100000020001400041082001500055100002500070245006400095250000800159260004700167300002400214500001900238600001500257650001500272942000700287952013300294999001700427240925s9999 xx 000 0 und d a199467064 a658.15 SAL aSalvatore, Dominick. 0aManagerial Economics: principles and worldwide applications a8th aNew York:bOxford University Pressc,2016. a569p.bNAfOriginal aIncludes Index aManagement aManagement cBK 001040708MANaUITUbUITUd2018-12-23eBismillah BookDepotg990.00l0o658.15 SALpQ12318r2024-09-25 07:16:24w2024-09-25yBK c14817d14817